000 00196nam a22000857a 4500
008 240104b ||||| |||| 00| 0 eng d
082 _a823
100 _95638
_aLall, Ramji
245 _aAristotle's Poetics
999 _c7189
_d7189